The Supreme Court : (Record no. 5222)
[ view plain ]
| 000 -LEADER | |
|---|---|
| fixed length control field | 00691nam a2200241 i 4500 |
| 001 - CONTROL NUMBER | |
| control field | 5222 |
| 003 - CONTROL NUMBER IDENTIFIER | |
| rucl marc code | BD-RjUL |
| 005 - DATE AND TIME OF LATEST TRANSACTION | |
| control field | 20211208234030.0 |
| 008 - FIXED-LENGTH DATA ELEMENTS--GENERAL INFORMATION | |
| fixed length control field | 131224s1960 nyu 00100 eng d |
| 035 ## - SYSTEM CONTROL NUMBER | |
| System control number | (BD-RjUL)5258 |
| System control number | (BD-RjUL) |
| 040 ## - CATALOGING SOURCE | |
| Original cataloging agency | BD-RjUL |
| Language of cataloging | eng |
| Transcribing agency | BD-RjUL |
| 041 ## - LANGUAGE CODE | |
| Language code of text/sound track or separate title | eng |
| 082 ## - DEWEY DECIMAL CLASSIFICATION NUMBER | |
| Classification number | 345.4 |
| Author mark and year | SCS 1960 |
| 100 1# - MAIN ENTRY--PERSONAL NAME | |
| Personal name | Schmidhauser, John R. |
| Fuller form of name | (John Richard), |
| Dates associated with a name | 1922- |
| 9 (RLIN) | 16423 |
| 245 14 - TITLE STATEMENT | |
| Title | The Supreme Court : |
| Remainder of title | its politics, personalities, and procedures. |
| 260 ## - PUBLICATION, DISTRIBUTION, ETC. (IMPRINT) | |
| Place of publication, distribution, etc. | New York : |
| Name of publisher, distributor, etc. | Holt, Rinehart and Winston, |
| Date of publication, distribution, etc. | 1960 |
| 300 ## - PHYSICAL DESCRIPTION | |
| Pagination | 163 p. |
| Size | 19 cm. |
| 520 ## - SUMMARY, ETC. | |
| Summary, etc. | includes index |
| 526 ## - STUDY PROGRAM INFORMATION NOTE | |
| Requested Dept. | law |
| 610 10 - SUBJECT ADDED ENTRY--CORPORATE NAME | |
| Corporate name or jurisdiction name as entry element | United States. |
| Subordinate unit | Supreme Court. |
| 942 ## - ADDED ENTRY ELEMENTS (KOHA) | |
| Source of classification or shelving scheme | Dewey Decimal Classification |
| Koha item type | Books |
| Lost status | Source of classification or shelving scheme | Damaged status | Not for loan | Collection code | Permanent Location | Current Location | Shelving location | Date acquired | Source of acquisition | Cost, normal purchase price | Total Checkouts | Full call number | Date last seen | Copy number | Koha item type |
|---|---|---|---|---|---|---|---|---|---|---|---|---|---|---|---|
| Dewey Decimal Classification | Not For Loan | Non-fiction | Central Library, University of Rajshahi | Central Library, University of Rajshahi | 09/04/1962 | Asia Fundation | 0.00 | 345.4 SCS 1960 | 24/12/2013 | C-1 | Books |